|
|
|
|
| LEADER |
00000nam0a2200000 4500 |
| 001 |
240111 |
| 005 |
20231101231724.0 |
| 010 |
|
|
|a 9785913591210
|
| 035 |
|
|
|a (RuTPU)RU\TPU\book\261359
|
| 090 |
|
|
|a 240111
|
| 100 |
|
|
|a 20130619d2013 m y0rusy50 ca
|
| 101 |
0 |
|
|a rus
|
| 102 |
|
|
|a RU
|
| 105 |
|
|
|a a j 001zy
|
| 200 |
1 |
|
|a Принципы построения, применения и проектирования коммуникационной платформы U-SYS
|e учебное пособие
|f А. В. Росляков, П. С. Крылов
|
| 210 |
|
|
|a Москва
|c СОЛОН-Пресс
|d 2013
|
| 215 |
|
|
|a 107 с.
|c ил.
|
| 225 |
1 |
|
|a Библиотека студента
|
| 320 |
|
|
|a Библиогр.: с. 107.
|
| 320 |
|
|
|a Список сокращений: с. 104-105.
|
| 330 |
|
|
|a В учебном пособии рассмотрены принципы построения, применения и проектирования оборудования коммуникационной платформы U-SYS компании Huawei (Китай), используемой для построения сетей связи следующего поколения NGN. Пособие предназначено для студентов высших учебных заведений, обучающихся по направлению подготовки дипломированных специалистов 210400 — «Телекоммуникации» и направлению подготовки бакалавров 210700 — «Инфокоммуникационные технологии и системы связи». Материалы пособия могут быть полезны специалистам, использующим на практике оборудование коммуникационной платформы U-SYS.
|
| 606 |
1 |
|
|a Сети следующего поколения NGN
|2 stltpush
|3 (RuTPU)RU\TPU\subj\67388
|9 83212
|
| 610 |
1 |
|
|a связь
|
| 610 |
1 |
|
|a сетевые технологии
|
| 610 |
1 |
|
|a построение
|
| 610 |
1 |
|
|a U-SYS
|
| 610 |
1 |
|
|a оборудование
|
| 610 |
1 |
|
|a применение
|
| 610 |
1 |
|
|a проектирование
|
| 610 |
1 |
|
|a учебные пособия
|
| 675 |
|
|
|a 621.39.052(075.8)
|v 3
|
| 700 |
|
1 |
|a Росляков
|b А. В.
|g Александр Владимирович
|
| 701 |
|
1 |
|a Крылов
|b П. С.
|g Павел Сергеевич
|
| 801 |
|
1 |
|a RU
|b 63413507
|c 20130619
|
| 801 |
|
2 |
|a RU
|b 63413507
|c 20130912
|g RCR
|
| 942 |
|
|
|c BK
|
| 959 |
|
|
|a 99/20130619
|d 1
|e 240,00
|f ЧЗТЛ:1
|